[Event "POL-chT 1st League"]
[Site "Sypniewo"]
[Date "2022.09.04"]
[Round "2.1"]
[White "Doluhanova, Evgeniya"]
[Black "Worek, Joanna"]
[Result "1-0"]
[WhiteElo "2278"]
[BlackElo "2292"]
[PlyCount "149"]
[EventDate "2022.09.03"]
[EventType "team-swiss"]
[EventRounds "9"]
[EventCountry "POL"]
[SourceTitle "CBM 210 Extra"]
[Source "ChessBase"]
[SourceDate "2022.11.30"]
[SourceVersion "1"]
[SourceVersionDate "2022.11.30"]
[SourceQuality "1"]
[WhiteTeam "Jastrzebie Zdroj Pionier"]
[BlackTeam "Raciborz Silesia"]
[WhiteTeamCountry "POL"]
[BlackTeamCountry "POL"]

1. e4 c5 2. Nf3 d6 3. d4 cxd4 4. Nxd4 Nf6 5. Nc3 a6 6. Be2 e5 7. Nb3 Be7 8. Be3 Be6 9. Nd5 Nxd5 10. exd5 Bf5 11. 0-0 0-0 12. c4 a5 13. Rc1 Na6 14. Kh1 Bg6 15. a4 b6 16. Rc3 Nb4 17. Nc1 Bg5 18. Bxg5 Qxg5 19. Nd3 Bxd3 20. Bxd3 f5 21. Bb1 Qf6 22. Rf3 g6 23. Qd2 Rac8 24. b3 Na6 25. Rh3 Rce8 26. Re1 e4 27. Qc3 Re5 28. f4 exf3 29. Rxf3 Rfe8 30. Ref1 Qh4 31. g3 Qh3 32. g4 Qxg4 33. Bxf5 Qg5 34. Be6+ Kh8 35. Rg3 Qh5 36. Re1 Nc5 37. Rge3 Qg5 38. Rxe5 dxe5 39. Qxe5+ Qxe5 40. Rxe5 Nxe6 41. dxe6 Kg7 42. e7 Kf7 43. Rb5 Rxe7 44. Rxb6 Re2 45. Rb7+ Kf6 46. Rxh7 Rb2 47. Rh3 Rc2 48. Rg3 g5 49. Rd3 g4 50. Rd5 Rb2 51. Rb5 Ke6 52. Rxa5 Rxb3 53. Rg5 Rb4 54. Rxg4 Kf5 55. h3 Rxa4 56. Kh2 Ke5 57. c5 Ra6 58. Rc4 Rc6 59. h4 Kd5 60. Rc3 Kd4 61. Rc1 Ke3 62. Kg3 Kd2 63. Rc4 Kd3 64. Ra4 Rxc5 65. Kg4 Ke3 66. h5 Rc6 67. Ra5 Rc1 68. h6 Ke4 69. h7 Rh1 70. Ra7 Ke5 71. Kg5 Ke6 72. Kg6 Rg1+ 73. Kh6 Rh1+ 74. Kg7 Rg1+ 75. Kf8 1-0

[Event "Olympiad Women-44"]
[Site "Chennai"]
[Date "2022.08.06"]
[Round "8.2"]
[White "Worek, Joanna"]
[Black "Krush, Irina"]
[Result "1/2-1/2"]
[WhiteElo "2280"]
[BlackElo "2430"]
[PlyCount "70"]
[EventDate "2022.07.29"]
[EventType "team-swiss"]
[EventRounds "11"]
[EventCountry "IND"]
[SourceTitle "CBM 210"]
[Source "ChessBase"]
[SourceDate "2022.10.31"]
[SourceVersion "1"]
[SourceVersionDate "2022.10.31"]
[SourceQuality "1"]
[WhiteTeam "Czech Republic (W)"]
[BlackTeam "United States (W)"]
[WhiteTeamCountry "CZE"]
[BlackTeamCountry "USA"]

1. e4 c5 2. Nf3 e6 3. d4 cxd4 4. Nxd4 a6 5. c4 Nf6 6. Nc3 Bb4 7. Bd3 Bxc3+ 8. bxc3 d6 9. 0-0 Nbd7 10. Re1 0-0 11. Ba3 Qc7 12. Nb3 e5 13. Rb1 Rd8 14. Bf1 Nf8 15. Qe2 b6 16. f3 a5 17. Na1 Ba6 18. Nc2 Ne6 19. Ne3 Nc5 20. Qf2 Bc8 21. Red1 Be6 22. Qc2 Rab8 23. Rd2 h6 24. Rdd1 Kh8 25. Kh1 Ng8 26. Qf2 Ne7 27. Rb5 Rf8 28. Qd2 Rbd8 29. Rdb1 Nc8 30. Qc2 Qe7 31. R5b2 g6 32. Bxc5 dxc5 33. Nd5 Qg5 34. Qc1 Kg7 35. Kg1 Rd6 1/2-1/2

[Event "Olympiad Women-44"]
[Site "Chennai"]
[Date "2022.08.02"]
[Round "5.2"]
[White "Paasikangas Tella, Johanna"]
[Black "Worek, Joanna"]
[Result "1/2-1/2"]
[WhiteElo "2155"]
[BlackElo "2280"]
[PlyCount "101"]
[EventDate "2022.07.29"]
[EventType "team-swiss"]
[EventRounds "11"]
[EventCountry "IND"]
[SourceTitle "CBM 210"]
[Source "ChessBase"]
[SourceDate "2022.10.31"]
[SourceVersion "1"]
[SourceVersionDate "2022.10.31"]
[SourceQuality "1"]
[WhiteTeam "Finland (W)"]
[BlackTeam "Czech Republic (W)"]
[WhiteTeamCountry "FIN"]
[BlackTeamCountry "CZE"]

1. d4 d5 2. Bf4 c5 3. Nc3 Nf6 4. e3 cxd4 5. exd4 Bf5 6. Nb5 Na6 7. c3 h6 8. h3 g5 9. Bh2 Bg7 10. g4 Bg6 11. Bd3 Qb6 12. Qe2 Bxd3 13. Qxd3 Rc8 14. a4 Ne4 15. f3 Nf6 16. Ne2 Ra8 17. 0-0 Nd7 18. f4 h5 19. fxg5 hxg4 20. Qf5 Qe6 21. Qxe6 fxe6 22. hxg4 Rh4 23. Rf4 Nf8 24. Bg3 Rh7 25. Rf3 Ng6 26. Nf4 Nxf4 27. Rxf4 Kd7 28. Re1 Bh8 29. Kg2 Rg8 30. Nxa7 Rxg5 31. Nb5 e5 32. dxe5 Bxe5 33. Rf5 Bxg3 34. Kxg3 Rxf5 35. gxf5 Nc5 36. a5 Ne4+ 37. Kf4 Rh2 38. b4 Rh4+ 39. Ke5 Nf6 40. Nd4 Rh3 41. Ne2 Rf3 42. b5 Re3+ 43. Kd4 Re4+ 44. Kd3 Ra4 45. Nd4 Rxa5 46. Re5 Ra1 47. Kc2 Rf1 48. Kb3 Kd6 49. Re6+ Kd7 50. Re5 Kd6 51. Re6+ 1/2-1/2

[Event "AUT-chT (Women) 2122"]
[Site "Austria"]
[Date "2022.04.22"]
[Round "8.3"]
[White "Worek, Joanna"]
[Black "Cvitan, Ena"]
[Result "0-1"]
[WhiteElo "2267"]
[BlackElo "2234"]
[PlyCount "86"]
[EventDate "2021.11.06"]
[EventType "team-tourn"]
[EventRounds "9"]
[EventCountry "AUT"]
[SourceTitle "EXT 2024"]
[Source "ChessBase"]
[SourceDate "2023.10.10"]
[SourceVersion "1"]
[SourceVersionDate "2023.10.10"]
[SourceQuality "1"]
[WhiteTeam "Pamhagen (W)"]
[BlackTeam "Wulkaprodersdorf (W)"]
[WhiteTeamCountry "AUT"]
[BlackTeamCountry "AUT"]

1. e4 c6 2. d4 d5 3. e5 Bf5 4. c4 e6 5. Nc3 Ne7 6. h3 Nd7 7. Nf3 h6 8. b3 Be4 9. Bd3 Qa5 10. Bb2 Nf5 11. Bxe4 dxe4 12. g4 exf3 13. gxf5 Nxe5 14. fxe6 0-0-0 15. Kf1 fxe6 16. Ne4 Be7 17. Qc2 Ng6 18. Ng3 Nh4 19. Bc3 Bb4 20. Bxb4 Qxb4 21. Qe4 g5 22. Rd1 Qd6 23. Qe3 Rhf8 24. Ne4 Qe7 25. Nc3 Ng2 26. Qd3 Qf7 27. b4 Qf5 28. Qd2 Qf4 29. Qd3 Qf5 30. Qd2 Qf4 31. Qd3 Rd7 32. b5 cxb5 33. Nxb5 a6 34. Nc3 Rfd8 35. d5 Kb8 36. Rb1 Rc7 37. Ne4 exd5 38. Nd2 Rdc8 39. Qxd5 Nh4 40. Rg1 Qh2 41. Qe6 Rd8 42. Ne4 Rcd7 43. Nc3 Rd2 0-1

[Event "CZE-chT1E 2122"]
[Site "Czech Republic"]
[Date "2022.02.20"]
[Round "9.7"]
[White "Gnida, Patrik"]
[Black "Worek, Joanna"]
[Result "1/2-1/2"]
[WhiteElo "2173"]
[BlackElo "2274"]
[PlyCount "31"]
[EventDate "2021.10.09"]
[EventType "team-tourn"]
[EventRounds "11"]
[EventCountry "CZE"]
[SourceTitle "EXT 2023"]
[Source "ChessBase"]
[SourceDate "2022.10.05"]
[SourceVersion "1"]
[SourceVersionDate "2022.10.05"]
[SourceQuality "1"]
[WhiteTeam "Hostalkova"]
[BlackTeam "Stare Mesto"]
[WhiteTeamCountry "CZE"]
[BlackTeamCountry "CZE"]

1. e4 c5 2. Nf3 d6 3. Bb5+ Bd7 4. a4 Nf6 5. Qe2 e6 6. 0-0 Nc6 7. c3 a6 8. Bc4 Be7 9. d3 0-0 10. Na3 Na5 11. Nc2 d5 12. Ba2 Bxa4 13. e5 Ne8 14. Bf4 Bxc2 15. Qxc2 Nc6 16. h4 1/2-1/2

[Event "Mitropa Cup Online (Women)"]
[Site "Tornelo INT"]
[Date "2021.05.06"]
[Round "3.3"]
[White "Sedina, Elena"]
[Black "Worek, Joanna"]
[Result "1/2-1/2"]
[WhiteElo "2291"]
[BlackElo "2322"]
[PlyCount "71"]
[EventDate "2021.05.04"]
[EventType "team-tourn"]
[EventRounds "9"]
[EventCountry "SUI"]
[SourceTitle "CBM 202 Extra"]
[Source "ChessBase"]
[SourceDate "2021.07.31"]
[SourceVersion "1"]
[SourceVersionDate "2021.07.31"]
[SourceQuality "1"]
[WhiteTeam "Italy (W)"]
[BlackTeam "Czech Republic (W)"]
[WhiteTeamCountry "ITA"]
[BlackTeamCountry "CZE"]

1. e4 e5 2. Nf3 Nc6 3. Bc4 Bc5 4. 0-0 Nf6 5. d3 d6 6. c3 a5 7. Re1 0-0 8. h3 Ba7 9. Nbd2 Be6 10. Bb5 Ne7 11. Nf1 Ng6 12. Ng3 h6 13. d4 c6 14. Bd3 Re8 15. Be3 Nh7 16. Nh5 Ng5 17. Nh2 d5 18. exd5 Bxd5 19. dxe5 Bxe3 20. Rxe3 Rxe5 21. Ng4 Nf3+ 22. Rxf3 Bxf3 23. Nhf6+ gxf6 24. Qxf3 Rg5 25. Rd1 Qe7 26. Nxh6+ Kf8 27. Nf5 Qc5 28. Be4 Re8 29. Nd6 Re6 30. Nxb7 Qe7 31. Bxg6 Qxb7 32. Bf5 Re5 33. Be4 Re6 34. Bf5 Re5 35. Be4 Re6 36. Bf5 1/2-1/2

[Event "Mitropa Cup Online (Women)"]
[Site "Tornelo INT"]
[Date "2021.05.04"]
[Round "1.3"]
[White "Vujnovic, Patricija"]
[Black "Worek, Joanna"]
[Result "0-1"]
[WhiteElo "2129"]
[BlackElo "2322"]
[PlyCount "96"]
[EventDate "2021.05.04"]
[EventType "team-tourn"]
[EventRounds "9"]
[EventCountry "SUI"]
[SourceTitle "CBM 202 Extra"]
[Source "ChessBase"]
[SourceDate "2021.07.31"]
[SourceVersion "1"]
[SourceVersionDate "2021.07.31"]
[SourceQuality "1"]
[WhiteTeam "Croatia (W)"]
[BlackTeam "Czech Republic (W)"]
[WhiteTeamCountry "CRO"]
[BlackTeamCountry "CZE"]

1. e4 c5 2. Nc3 Nc6 3. Bb5 Nd4 4. Nf3 Nxb5 5. Nxb5 d6 6. d4 cxd4 7. Qxd4 Bd7 8. Nc3 e5 9. Qd3 h6 10. Nd2 Nf6 11. Nc4 Be6 12. Ne3 Rc8 13. 0-0 Be7 14. Ncd5 Nxd5 15. Nxd5 Bxd5 16. Qxd5 Rxc2 17. Qxb7 Qd7 18. Qb3 Rc7 19. Be3 0-0 20. Rac1 Rb7 21. Qc2 f5 22. f4 fxe4 23. fxe5 Rxf1+ 24. Rxf1 d5 25. Qf2 Qe6 26. Bxa7 Qxe5 27. Bd4 Qe6 28. b3 Rb4 29. Bc5 Bxc5 30. Qxc5 Qb6 31. Qxb6 Rxb6 32. Rd1 Rd6 33. Kf2 d4 34. a4 Kf7 35. b4 Ke6 36. b5 Kd5 37. a5 e3+ 38. Ke2 Rf6 39. Kd3 Rf2 40. a6 Ra2 41. h3 g5 42. g4 Ra3+ 43. Kc2 Kc4 44. Rb1 Ra2+ 45. Rb2 d3+ 46. Kb1 Ra5 47. b6 e2 48. b7 e1Q# 0-1

[Event "CZE-ch Betsys Online Blitz"]
[Site "Chess.com INT"]
[Date "2021.04.17"]
[Round "3"]
[White "Krajcovic, Filip"]
[Black "Worek, Joanna"]
[Result "0-1"]
[WhiteElo "1630"]
[BlackElo "2322"]
[PlyCount "56"]
[EventDate "2021.04.17"]
[EventType "swiss (blitz)"]
[EventRounds "13"]
[EventCountry "CZE"]
[SourceTitle "CBM 201 Extra"]
[Source "ChessBase"]
[SourceDate "2021.05.31"]
[SourceVersion "1"]
[SourceVersionDate "2021.05.31"]
[SourceQuality "1"]

1. e4 c5 2. Nf3 Nc6 3. c3 d5 4. exd5 Qxd5 5. Be2 e5 6. 0-0 Nf6 7. Na3 Be7 8. Bc4 Qd7 9. Ng5 0-0 10. Qc2 h6 11. Ne4 Nxe4 12. Qxe4 Kh8 13. f4 f5 14. Qf3 e4 15. Qh5 Bf6 16. Nc2 a6 17. Ne3 b5 18. Bd5 Ra7 19. Bxc6 Qxc6 20. Nxf5 Bxf5 21. Qxf5 Raf7 22. Qg4 c4 23. b3 Bd8 24. bxc4 Qc5+ 25. Kh1 bxc4 26. a4 Qc7 27. Ba3 Rxf4 28. Qg3 Rxf1+ 0-1

[Event "CZE-ch Betsys Online Blitz"]
[Site "Chess.com INT"]
[Date "2021.04.17"]
[Round "5"]
[White "Roubal, Matyas"]
[Black "Worek, Joanna"]
[Result "0-1"]
[WhiteElo "1643"]
[BlackElo "2322"]
[PlyCount "122"]
[EventDate "2021.04.17"]
[EventType "swiss (blitz)"]
[EventRounds "13"]
[EventCountry "CZE"]
[SourceTitle "CBM 201 Extra"]
[Source "ChessBase"]
[SourceDate "2021.05.31"]
[SourceVersion "1"]
[SourceVersionDate "2021.05.31"]
[SourceQuality "1"]

1. e4 c5 2. Nf3 Nc6 3. Bb5 g6 4. Nc3 Bg7 5. 0-0 Nd4 6. d3 Nxb5 7. Nxb5 a6 8. Nc3 b5 9. Be3 d6 10. e5 Bb7 11. Ne4 Rc8 12. Re1 Bxe4 13. dxe4 dxe5 14. Qe2 Qc7 15. Rad1 Nf6 16. Bg5 Nd7 17. Qd2 Nb6 18. Qa5 Qb7 19. Be3 0-0 20. Qc3 Nc4 21. Rd5 Nd6 22. Bxc5 Nxe4 23. Qd3 Nxc5 24. Qd2 e4 25. Ng5 h6 26. Nxe4 Nxe4 27. Rxe4 Rxc2 28. Qxc2 Qxd5 29. h3 Qxa2 30. Rxe7 Qxb2 31. Qc7 Qa1+ 32. Kh2 a5 33. h4 b4 34. h5 gxh5 35. Qg3 Qf6 36. Ra7 Qe5 37. f4 Qc5 38. f5 Kh8 39. Rd7 Be5 40. Rd3 Bxg3+ 41. Rxg3 Qc4 42. f6 b3 43. Rg7 b2 44. Kg3 b1Q 45. Kh2 Qbd3 46. g3 Qf4 47. gxf4 Qe2+ 48. Kh3 Qf3+ 49. Rg3 Qxf4 50. Kh2 Qxf6 51. Kh3 Qf4 52. Kg2 h4 53. Rf3 Qxf3+ 54. Kxf3 a4 55. Kg4 a3 56. Kxh4 a2 57. Kh5 a1Q 58. Kxh6 Qf6+ 59. Kh5 Qg6+ 60. Kh4 Kg7 61. Kh3 Rh8# 0-1

[Event "CZE-ch Betsys Online Blitz"]
[Site "Chess.com INT"]
[Date "2021.04.17"]
[Round "7"]
[White "Vasicek, Martin"]
[Black "Worek, Joanna"]
[Result "0-1"]
[WhiteElo "2070"]
[BlackElo "2322"]
[PlyCount "62"]
[EventDate "2021.04.17"]
[EventType "swiss (blitz)"]
[EventRounds "13"]
[EventCountry "CZE"]
[SourceTitle "CBM 201 Extra"]
[Source "ChessBase"]
[SourceDate "2021.05.31"]
[SourceVersion "1"]
[SourceVersionDate "2021.05.31"]
[SourceQuality "1"]

1. d4 Nf6 2. Nf3 g6 3. Bf4 Bg7 4. e3 d6 5. Be2 Nh5 6. Bg5 h6 7. Bh4 c5 8. dxc5 Bxb2 9. Nbd2 dxc5 10. Rb1 Bg7 11. 0-0 0-0 12. Ne1 Nf6 13. Nd3 Qc7 14. Nc4 Ne4 15. Bg3 Qd8 16. Qe1 Nc3 17. Rc1 Nxe2+ 18. Qxe2 Nd7 19. Rfd1 Qe8 20. Nf4 Nb6 21. Rd2 Qc6 22. Rcd1 Bf5 23. f3 e5 24. Nd5 Nxd5 25. Rxd5 Be6 26. Rd6 Qb5 27. Rxe6 fxe6 28. Rd6 Rad8 29. Rxe6 Qb1+ 30. Kf2 b5 31. Nxe5 Qc1 0-1

[Event "CZE-ch Betsys Online Blitz"]
[Site "Chess.com INT"]
[Date "2021.04.17"]
[Round "10"]
[White "Worek, Joanna"]
[Black "Rasik, Vitezslav"]
[Result "0-1"]
[WhiteElo "2322"]
[BlackElo "2451"]
[PlyCount "92"]
[EventDate "2021.04.17"]
[EventType "swiss (blitz)"]
[EventRounds "13"]
[EventCountry "CZE"]
[SourceTitle "CBM 201 Extra"]
[Source "ChessBase"]
[SourceDate "2021.05.31"]
[SourceVersion "1"]
[SourceVersionDate "2021.05.31"]
[SourceQuality "1"]

1. e4 d6 2. d4 g6 3. Nf3 Nf6 4. Nc3 Bg7 5. h3 0-0 6. Be3 b6 7. Qd2 Bb7 8. Bd3 e6 9. Bh6 c5 10. Bxg7 Kxg7 11. 0-0 cxd4 12. Nxd4 Nc6 13. Nxc6 Bxc6 14. Rad1 a6 15. Qe3 Qc7 16. f4 b5 17. a3 Qa7 18. Qxa7 Rxa7 19. Rfe1 Rd8 20. Bf1 Rad7 21. Kf2 e5 22. g3 Re8 23. f5 Kf8 24. g4 g5 25. Bg2 Ke7 26. Na2 h5 27. Kg3 hxg4 28. hxg4 Rh8 29. Nb4 Bb7 30. Bf3 Rdd8 31. c3 Rh4 32. a4 bxa4 33. Nd5+ Bxd5 34. exd5 Rdh8 35. Ra1 Rh3+ 36. Kf2 Rh2+ 37. Ke3 R8h3 38. Rxa4 e4 39. Rxe4+ Nxe4 40. Kxe4 Rxb2 41. Kd4+ Kf6 42. Be2 a5 43. Bc4 Rd2+ 44. Ke4 Rg3 45. Be2 Rxc3 46. Bf3 Rdd3 0-1

[Event "CZE-ch Betsys Online Blitz"]
[Site "Chess.com INT"]
[Date "2021.04.17"]
[Round "13"]
[White "Worek, Joanna"]
[Black "Velicka, Petr"]
[Result "1/2-1/2"]
[WhiteElo "2322"]
[BlackElo "2408"]
[PlyCount "143"]
[EventDate "2021.04.17"]
[EventType "swiss (blitz)"]
[EventRounds "13"]
[EventCountry "CZE"]
[SourceTitle "CBM 201 Extra"]
[Source "ChessBase"]
[SourceDate "2021.05.31"]
[SourceVersion "1"]
[SourceVersionDate "2021.05.31"]
[SourceQuality "1"]

1. e4 c6 2. d4 d5 3. e5 Bf5 4. h4 Qb6 5. Nf3 e6 6. Bd3 Bxd3 7. Qxd3 Qa6 8. Qe3 Nd7 9. Nc3 c5 10. Bd2 Ne7 11. dxc5 Nc6 12. Qf4 Bxc5 13. h5 h6 14. Qg3 0-0-0 15. a3 Rhg8 16. Rh4 g5 17. hxg6 Rxg6 18. Qh2 Rdg8 19. g4 Rxg4 20. Rxg4 Rxg4 21. 0-0-0 Bf8 22. Qh5 Rg6 23. Be3 Qc4 24. Nh4 Qg4 25. Qxg4 Rxg4 26. Nf3 a6 27. Rh1 Rg6 28. Nh4 Rg4 29. Nf3 Ndxe5 30. Nxe5 Nxe5 31. Bxh6 Bxh6+ 32. Rxh6 Rf4 33. Nd1 Ng4 34. Rh8+ Kd7 35. Rb8 Kc7 36. Rf8 Nxf2 37. Ne3 Ne4 38. b3 Rf3 39. Ng4 Kd6 40. Nh6 Ke7 41. Rb8 Nd6 42. Ng4 Rf4 43. Ne5 Rf5 44. Nd3 Rf3 45. Nc5 Rc3 46. Nxb7 Nxb7 47. Rxb7+ Kf6 48. Kd2 Rc6 49. a4 e5 50. b4 Ke6 51. b5 axb5 52. axb5 Rc5 53. b6 Rb5 54. Rb8 d4 55. Kd3 Kf5 56. Rf8 Rxb6 57. Rxf7+ Rf6 58. Re7 Rd6 59. Rf7+ Ke6 60. Rf8 Kd5 61. Rf5 Rh6 62. Rf8 Rh3+ 63. Kd2 e4 64. Rd8+ Ke5 65. Re8+ Kf4 66. Rf8+ Kg3 67. Rg8+ Kf3 68. Rf8+ Kg2 69. Rd8 d3 70. cxd3 Rxd3+ 71. Rxd3 exd3 72. Kxd3 1/2-1/2

[Event "POL-chT Ekstraliga"]
[Site "Warsaw"]
[Date "2020.09.02"]
[Round "8.3"]
[White "Sliwicka, Alicja"]
[Black "Worek, Joanna"]
[Result "1-0"]
[WhiteElo "2317"]
[BlackElo "2326"]
[PlyCount "111"]
[EventDate "2020.08.26"]
[EventType "team-tourn"]
[EventRounds "9"]
[EventCountry "POL"]
[SourceTitle "CBM 198 Extra"]
[Source "ChessBase"]
[SourceDate "2020.11.30"]
[SourceVersion "1"]
[SourceVersionDate "2020.11.30"]
[SourceQuality "1"]
[WhiteTeam "Podlesie UKS 21"]
[BlackTeam "Raciborz Silesia"]
[WhiteTeamCountry "POL"]
[BlackTeamCountry "POL"]

1. e4 c5 2. Nf3 Nc6 3. d4 cxd4 4. Nxd4 Nf6 5. Nc3 d6 6. Nb3 a6 7. Be2 b5 8. a4 b4 9. Nd5 e6 10. Nxf6+ Qxf6 11. a5 Be7 12. 0-0 0-0 13. f4 Re8 14. e5 dxe5 15. Bf3 e4 16. Bxe4 Bb7 17. Qd7 Rab8 18. Bxc6 Red8 19. Qc7 Rdc8 20. Qxb7 Rxb7 21. Bxb7 Rxc2 22. Be4 Rc7 23. Rb1 g6 24. Be3 e5 25. Bd5 Bd6 26. Bb6 exf4 27. Bxc7 Bxc7 28. Rbc1 Qe5 29. Bf3 Bb8 30. Kh1 Ba7 31. Nd2 Qxb2 32. Nc4 Qf6 33. Rfd1 Bd4 34. Rb1 Bc3 35. Nd6 Qe7 36. Ne4 Bg7 37. Rdc1 Bf8 38. Rc6 Qd8 39. Rb6 Qd3 40. Rd1 Qc4 41. Ng5 Qc5 42. Bd5 Qc2 43. Re1 Qc3 44. Nf3 Qd3 45. Bxf7+ Kg7 46. Rb7 Kh6 47. Bg8 Bg7 48. Rxb4 Qd8 49. Rxf4 Bc3 50. Rc1 Bxa5 51. Bc4 Qd6 52. Rd4 Qf6 53. Rcd1 Qc6 54. Ne5 Qc7 55. Rd5 Qb6 56. Ng4+ 1-0

[Event "POL-chT Ekstraliga"]
[Site "Warsaw"]
[Date "2020.08.27"]
[Round "2.5"]
[White "Worek, Joanna"]
[Black "Zawadzka, Jolanta"]
[Result "1/2-1/2"]
[WhiteElo "2326"]
[BlackElo "2419"]
[PlyCount "73"]
[EventDate "2020.08.26"]
[EventType "team-tourn"]
[EventRounds "9"]
[EventCountry "POL"]
[SourceTitle "CBM 198 Extra"]
[Source "ChessBase"]
[SourceDate "2020.11.30"]
[SourceVersion "1"]
[SourceVersionDate "2020.11.30"]
[SourceQuality "1"]
[WhiteTeam "Raciborz Silesia"]
[BlackTeam "Wroclaw Polonia"]
[WhiteTeamCountry "POL"]
[BlackTeamCountry "POL"]

1. e4 c5 2. Nf3 d6 3. d4 cxd4 4. Nxd4 Nf6 5. Nc3 a6 6. Be3 e5 7. Nb3 Be6 8. f3 h5 9. Qd2 Nbd7 10. 0-0-0 Be7 11. Kb1 b5 12. Nd5 Bxd5 13. exd5 Nb6 14. Bxb6 Qxb6 15. Na5 Rc8 16. Nc6 Nxd5 17. Nxe7 Nxe7 18. Qxd6 Qxd6 19. Rxd6 Nc6 20. Be2 Ke7 21. Rdd1 g6 22. Rhe1 Rhd8 23. c3 Ke6 24. a4 Rxd1+ 25. Rxd1 Rb8 26. axb5 axb5 27. b4 Ne7 28. Kb2 Nf5 29. Ra1 Nd6 30. Kb3 f5 31. Ra6 Kd5 32. Ra7 Rb6 33. Rg7 Nc4 34. Rc7 Nd6 35. Rg7 Nc4 36. Rc7 Nd6 37. Rg7 1/2-1/2

[Event "Pardubice blitz op"]
[Site "Pardubice"]
[Date "2020.08.02"]
[Round "1.2"]
[White "Movsesian, Sergei"]
[Black "Worek, Joanna"]
[Result "1-0"]
[WhiteElo "2649"]
[BlackElo "2326"]
[PlyCount "69"]
[EventDate "2020.08.02"]
[EventType "swiss (blitz)"]
[EventRounds "9"]
[EventCountry "CZE"]
[SourceTitle "CBM 197 Extra"]
[Source "ChessBase"]
[SourceDate "2020.09.30"]
[SourceVersion "1"]
[SourceVersionDate "2020.09.30"]
[SourceQuality "1"]

1. e4 c5 2. Nc3 Nc6 3. Nf3 e5 4. Bc4 d6 5. d3 h6 6. 0-0 Nf6 7. Ne1 Na5 8. Bb5+ Bd7 9. Bxd7+ Qxd7 10. f4 Nc6 11. Nf3 Be7 12. Nd5 Bd8 13. c4 0-0 14. Be3 exf4 15. Bxf4 Nxd5 16. cxd5 Ne7 17. Bg3 Ng6 18. h3 Bf6 19. Qd2 b5 20. Rae1 a5 21. Kh1 a4 22. Nh2 Bd4 23. Rf5 b4 24. Ref1 b3 25. a3 Rac8 26. Ng4 Kh7 27. Rh5 c4 28. Nxh6 f6 29. Nf5+ Kg8 30. Nxd4 Qa7 31. Ne6 Rf7 32. Bxd6 cxd3 33. Qxd3 Rc2 34. e5 Rxb2 35. Qxg6 1-0

[Event "Pardubice blitz op"]
[Site "Pardubice"]
[Date "2020.08.02"]
[Round "2.13"]
[White "Worek, Joanna"]
[Black "Novosadova, Kristyna"]
[Result "1-0"]
[WhiteElo "2326"]
[BlackElo "2168"]
[PlyCount "71"]
[EventDate "2020.08.02"]
[EventType "swiss (blitz)"]
[EventRounds "9"]
[EventCountry "CZE"]
[SourceTitle "CBM 197 Extra"]
[Source "ChessBase"]
[SourceDate "2020.09.30"]
[SourceVersion "1"]
[SourceVersionDate "2020.09.30"]
[SourceQuality "1"]

1. d4 Nf6 2. Bf4 g6 3. e3 Bg7 4. h4 h5 5. Nc3 d5 6. Nf3 c6 7. Bd3 Bg4 8. Qd2 0-0 9. Ne5 Nbd7 10. Nxg4 hxg4 11. 0-0-0 Nh5 12. Qe2 e5 13. dxe5 Nxe5 14. Bxe5 Bxe5 15. Qxg4 Qf6 16. f4 Bxc3 17. bxc3 Qxc3 18. f5 Nf6 19. Qg5 Ne4 20. Bxe4 dxe4 21. fxg6 Qa3+ 22. Kd2 Rad8+ 23. Ke2 Qa6+ 24. Kf2 fxg6+ 25. Kg3 Rxd1 26. Qxg6+ Kh8 27. Qh5+ Kg8 28. Rxd1 Qb5 29. Qg6+ Kh8 30. Qh6+ Kg8 31. Qe6+ Kh8 32. Rd7 Qh5 33. Rxb7 Rg8+ 34. Kh3 Rf8 35. Rxa7 Rg8 36. Ra5 1-0

[Event "Pardubice Test"]
[Site "Pardubice"]
[Date "2020.07.31"]
[Round "3.1"]
[White "Movsesian, Sergei"]
[Black "Worek, Joanna"]
[Result "1/2-1/2"]
[WhiteElo "2649"]
[BlackElo "2326"]
[PlyCount "60"]
[EventDate "2020.07.28"]
[EventType "team-schev"]
[EventRounds "4"]
[EventCountry "CZE"]
[SourceTitle "EXT 2021"]
[Source "ChessBase"]
[SourceDate "2020.10.23"]
[SourceVersion "1"]
[SourceVersionDate "2020.10.23"]
[SourceQuality "1"]
[WhiteTeam "Movsesjan, Sergej"]
[BlackTeam "Reprezentace zen"]
[WhiteTeamCountry "CZE"]
[BlackTeamCountry "CZE"]

1. e4 e6 2. d4 d5 3. Nc3 dxe4 4. Nxe4 Nd7 5. Nf3 Ngf6 6. Bg5 h6 7. Nxf6+ Nxf6 8. Be3 Nd5 9. Bd2 c5 10. Bb5+ Bd7 11. Bxd7+ Qxd7 12. c4 Nb6 13. Rc1 Rc8 14. dxc5 Bxc5 15. b4 Be7 16. c5 Nd5 17. Ne5 Qc7 18. Qa4+ Kf8 19. Nd3 Bg5 20. Qxa7 Bxd2+ 21. Kxd2 Rd8 22. c6 Nf4 23. Rc3 Qe5 24. cxb7 Nxd3 25. Rxd3 Qb2+ 26. Ke3 Qe5+ 27. Kd2 Qb2+ 28. Ke3 Qe5+ 29. Kd2 Qb2+ 30. Ke3 Qe5+ 1/2-1/2

[Event "Czech Women-Youth"]
[Site "Pardubice"]
[Date "2020.07.30"]
[Round "6.4"]
[White "Vojta, Jakub"]
[Black "Worek, Joanna"]
[Result "0-1"]
[WhiteElo "2146"]
[BlackElo "2326"]
[PlyCount "100"]
[EventDate "2020.07.30"]
[EventType "schev (rapid)"]
[EventRounds "8"]
[EventCountry "CZE"]
[SourceTitle "EXT 2023"]
[Source "ChessBase"]
[SourceDate "2022.10.05"]
[SourceVersion "1"]
[SourceVersionDate "2022.10.05"]
[SourceQuality "1"]
[WhiteTeam "Czech Republic"]
[BlackTeam "Czech Republic"]
[WhiteTeamCountry "CZE"]
[BlackTeamCountry "CZE"]

1. e4 c5 2. Nf3 Nc6 3. Bb5 g6 4. 0-0 Bg7 5. Re1 Nh6 6. c3 a6 7. Bxc6 dxc6 8. h3 0-0 9. d4 cxd4 10. cxd4 f5 11. e5 Nf7 12. Nc3 Be6 13. Bf4 Qb6 14. Na4 Qc7 15. Rc1 Rad8 16. Nc5 Bd5 17. Ng5 Nxg5 18. Bxg5 h6 19. Bd2 e6 20. a4 a5 21. b4 axb4 22. Bxb4 Rf7 23. a5 b6 24. axb6 Qxb6 25. Rb1 Ra7 26. Qd3 Ra2 27. Bc3 Qa7 28. Rb7 Qa3 29. Qg3 g5 30. Qd3 Bf8 31. Nd7 Rxd7 32. Rxd7 Bb4 33. Rb1 Bf8 34. f3 c5 35. Rd8 cxd4 36. Qxd4 Kf7 37. Bb4 Bxb4 38. Qxb4 Rxg2+ 39. Kh1 Qxb4 40. Rxb4 Bxf3 41. Rbb8 g4 42. hxg4 fxg4 43. Rf8+ Kg6 44. Rf6+ Kg5 45. Rg8+ Kh4 46. Rxh6+ Kg3 47. Rh3+ Kf2 48. Rxf3+ gxf3 49. Re8 Rg5 50. Rh8 Rxe5 0-1